Przydomki afrykańskich reprezentacji - Statystyki

Ogólne statystyki
  • Ten quiz został rozwiązany 51 razy
  • Średni wynik to 10 z 15
Statystyki odpowiedzi
Przydomek Reprezentacja % Poprawnych
Lwy Atlasu Maroko
94%
Nieposkromione Lwy Kamerun
91%
Super Oły Nigeria
91%
Lwy Terangi Senegal
91%
Czarne Gwiazdy Ghana
89%
Chłopcy Chłopcy RPA
87%
Miedziane Pociski Zambia
60%
Czarne Antylopy Angola
57%
Pantery Gabon
57%
Żurawie Uganda
57%
Ogiery Burkina Faso
55%
Wojownicy Zimbabwe
49%
Wiewiórki Benin
43%
Krokodyle Lesotho
40%
Wróble Burundi
38%
Nie znaleziono quizów pasujących do podanych kryteriów
Rozkład punktacji
Procent ludzi z każdym wynikiem
Percentyl według liczby udzielonych odpowiedzi
Twoja historia wyników
Nie rozwiązałeś tego quizu